000 00531nam a2200193Ia 4500
005 20250508153005.0
008 008 250505s9999 xx 000 0 hin d
037 _aBooks to be hide in OPAC
040 _aFEDL
_beng
_cFEDL
041 _ahin
_2eng
084 _a491.4307, SAF/O
_qFEDL
100 _aSafaya Raghunath
_984050
245 0 _aHindi shikshan vidhi
260 _aJalandhar, India
_b Kitab Ghar
300 _a411p.
365 _aINR
_b34
942 _cHB
_h491.4307, SAF/O
999 _c1340019
_d1340019